000 00299nam a2200097Ia 4500
082 _a338.76100402568 TOPI
245 0 _aTop ICTe companies
100 _a Corporate Research Foundation (South Africa) Cape Town, 2005 4th ed
_959778
942 _cBK
008 210817s9999 xx 000 0 und d
999 _c187936
_d187935